|
|
|
|
| LEADER |
00000nas a22000007a 4500 |
| 005 |
20130319161714.0 |
| 007 |
cr|||| |||| |
| 008 |
130319c19859999ck qr|p s|||| 0|||b1spa d |
| 022 |
|
|
|a 1235923
|
| 035 |
|
|
|a 7190
|
| 040 |
|
|
|a vLex
|
| 090 |
|
|
|c 3958
|d 3958
|
| 245 |
0 |
0 |
|a Estudios Gerenciales
|h [Recurso electrn̤ico]
|
| 256 |
|
|
|a Servicio en ln̕ea
|
| 260 |
|
|
|a Cali :
|b Universidad ICESI,
|c 1985-
|
| 300 |
|
|
|a 1 Recurso electrn̤ico
|
| 506 |
|
|
|d vLex Global
|d vLex Global (Academic Edition, excluding Law Schools)
|d vLex Global (U.S. Academic Edition, Law Schools)
|d vLex Global (U.S. Academic Edition, excluding Law Schools)
|d vLex Global (Academic Edition, Law Schools)
|
| 650 |
0 |
4 |
|a Administracin̤ (Management)
|v Revistas
|z Colombia
|
| 740 |
|
|
|a vLex Revistas (Servicio en ln̕ea)
|
| 856 |
|
|
|a Acceso restringido
|u http://www.vlex.com/source/7190
|
| 942 |
|
|
|c REV
|
| 999 |
|
0 |
|a Management
|